Instrumental methods of chemical analysis

Gardado en:
Detalles Bibliográficos
Autor Principal: Ahluwalia, V.K
Formato: Libro
Idioma:inglés
Publicado: Ane books pvt Ltd 2019
Tags: Engadir etiqueta
Sen Etiquetas, Sexa o primeiro en etiquetar este rexistro!

MARC

LEADER 00000nam a22000007a 4500
008 210712b ||||| |||| 00| 0 eng d
020 |a 9789382127710 
100 |a Ahluwalia, V.K 
245 |a Instrumental methods of chemical analysis  |c V.K Ahluwalia 
260 |b Ane books pvt Ltd  |c 2019  |h New Delhi  |i 696489  |i 696490  |l R.A644.C67.A5  |m COVID-19 (Disease)- India- Evaluation  |m COVID-19 (Disease) Economic aspects--India 
500 |a It includes graph and tables 
942 |a lcc  |c BK  |e Olagoke, M.A  |f 12/07/2021 
952 |0 0  |1 0  |2 lcc  |4 0  |7 0  |9 2751  |a HOL  |b SL  |c QZ  |d 2021-07-12  |o RA 644.C67.A5  |p 2021-6598  |r 2021-07-12 00:00:00  |w 2021-07-12  |y BK 
952 |0 0  |1 0  |2 lcc  |4 0  |7 0  |9 2752  |a HOL  |b HOL  |c QZ  |d 2021-07-12  |o RA 644.C67.A5  |p 2021-6599  |r 2021-07-12 00:00:00  |w 2021-07-12  |y BK 
999 |c 1434  |d 1434